| 000 | 00000nam##2200000za#4500 |
| 001 | 9.603009 |
| 003 | CaOODSP |
| 005 | 20210624210844 |
| 007 | cr ||||||||||| |
| 008 | 150406|2001||||xxc|||||o f|0| 0 fre|d |
| 040 | |aCaOODSP|bfre |
| 043 | |an-cn--- |
| 086 | 1 |aH113-3/2001-5F-PDF |
| 110 | 1 |aCanada.|bSanté Canada. |bAgence de réglementation de la lutte antiparasitaire. |
| 245 | 10|aHomologation des pesticides dans les situations d'urgence |h[ressource électronique] |
| 260 | |aOttawa - Ontario : |bSanté Canada. |cLe 17 août 2001. |
| 300 | |a7p. |
| 490 | 1 |aDirective d'homologation |vDIR2001-05 |
| 590 | |a12-30-Supp|b2012-06-28 |
| 691 | 07|aPesticide|2gcpds |
| 775 | 08|tRegistration of pesticides for emergency use |w(CaOODSP)9.572672 |
| 776 | 0#|tHomologation des pesticides dans les situations d'urgence |w(CaOODSP)9.625790 |
| 830 | #0|aDirective d'homologation ;|vDIR2001-05|w(CaOODSP)9.500876 |
| 856 | 40|ahttp://publications.gc.ca|qPDF|s153 Ko|uhttps://publications.gc.ca/collections/Collection/H113-3-2001-5F.pdf|yDIR2001-05 |